000 01056nam a22002177a 4500
999 _c61966
_d61966
003 Ge_BSU
005 20240617163827.0
008 240617s2005 ge ||||| |||| 00| 0 geo d
020 _a9992843241
041 _ageo
080 _a821.353.1.092 კ-71
100 _aკომახიძე, თეიმურაზ
_93432
245 _aგრიგოლ ვოლსკი - აჭარის მოამაგე /
_cთეიმურაზ კომახიძე; რედ. ჯემალ ხოფერია.
264 _aბათუმი :
_bალიონი,
_c2005.
300 _a192 გვ. :
_bფოტ. ;
_c20 სმ.
653 _aვოლსკი, გრიგოლ, 1859-1909
653 _aქართველი მწერლები
653 _aლიტერატურის ისტორია და კრიტიკა -- ქართული ლიტერატურა
700 _aხოფერია, ჯემალ
_eრედაქტორი
_93862
942 _2udc
_cᲬᲘᲒᲜᲘ